Statistiques concernant Villes françaises avec des clubs en Ligue 1 et en Top 14

Cliquez ici pour prendre le quiz!

Statistiques générales

  • Ce quiz a été pris 2 704 fois
  • Le résultat moyen est 4 sur 5

Statistiques - réponses

Villes🏉% Correct
1517Paris1459
98%
805Toulouse1851
95%
1465Lyon524
88%
804Montpellier1160
71%
95Clermont-Ferrand1747
69%

Distribution des résultats

Percentile par nombre de réponses

% des personnes avec chaque résultat

Votre développement - résultats

Vous n’avez pas pris ce quiz